| 000 | 00689cam a2200253 4500 | ||
|---|---|---|---|
| 008 | 090401t1998 xxu||||| |||| 00| 0 eng d | ||
| 020 | _a0854068589 | ||
| 035 | _a(Sirsi) u83058 | ||
| 041 | _aeng | ||
| 050 | _a346.410432 | ||
| 110 |
_aRoyal Institution of Chartered Surveyors _94900 |
||
| 245 | _aBoundary disputes and how to resolve them. | ||
| 250 | _a2nd ed. | ||
| 260 |
_aLondon _bRICS _c1998 |
||
| 300 | _a87p. : ill. ; 21cm. | ||
| 350 | _a10.5 | ||
| 520 | _aSuperseded by third edition (ISBN 1842191896). | ||
| 650 |
_aBoundary disputes _96221 |
||
| 650 |
_aBoundary disputes _96221 |
||
| 690 | _aLAND | ||
| 700 | _aAnstey, John | ||
| 942 | _n0 | ||
| 948 | _c13/01/1998 | ||
| 999 |
_c96862 _d96862 |
||